Sistemas de información gerencial (Registro nro. 8665)

Detalles MARC
000 -Cabecera
Campo de control de longitud fija 02142nam a2200577 4500
005 - Fecha y hora de la última transacción
Campo de control 20250605121025.0
008 - Elementos de longitud fija--Información general
Campo de control de longitud fija 161130b2016 xxu||||| |||| 00| 0 spa d
020 ## - International Standard Book Number
Número Internacional Estándar del Libro (ISBN) 9786073236966
041 ## - Idioma
Código de idioma
082 ## - Clasificación Decimal Dewey
Número de clasificación 658.403.8 L372s14
100 ## - Entrada principal--Autor personal
Nombre personal Laudon, Kenneth
9 (RLIN) 5544
100 ## - Entrada principal--Autor personal
Nombre personal Laudon, Jane
9 (RLIN) 5545
245 ## - Título propiamente dicho
Título Sistemas de información gerencial
250 ## - Edición
Mención de edición 14 edición
260 ## - Pie de imprenta
Lugar de publicación, distribución, etc. México
260 ## - Pie de imprenta
Lugar de publicación, distribución, etc. Pearson
260 ## - Pie de imprenta
Fecha de publicación, distribución, etc. 2016
300 ## - Descripción física
Extensión 680 páginas
505 ## - Nota de contenido
Nota de contenido Parte uno: Organizaciones, administración y la empresa en red 1.<br/>Parte dos: Infraestructura de la tecnología de la información.<br/>Parte tres: Aplicaciones clave de sistemas para la era digital.<br/>Parte cuatro: Creación y administración de sistemas.
650 ## - Materia general
Temática (materia general) GESTIÓN DE LA INFORMACIÓN
650 ## - Materia general
Temática (materia general) SISTEMAS DE INFORMACIÓN EN LOS NEGOCIOS
650 ## - Materia general
Temática (materia general) IMPORTANCIA DE LOS SISTEMAS DE IFORMACIÓN PARA ADMINISTRAR UN NEGOCIO
650 ## - Materia general
Temática (materia general) NEGOCIOS GLOBALES
650 ## - Materia general
Temática (materia general) NEGOCIOS ELECTRÓNICOS
650 ## - Materia general
Temática (materia general) NEGOCIOS SOCIALES
650 ## - Materia general
Temática (materia general) ASPECTOS ÉTICOS Y SOCIALES
650 ## - Materia general
Temática (materia general) TECNOLOGÍA DE LA INFORMACIÓN
650 ## - Materia general
Temática (materia general) REDES SOCIALES
650 ## - Materia general
Temática (materia general) HERRAMIENTAS Y TECNOLOGÍA PARA COLABORACIÓN Y NEGOCIOS SOCIALES
650 ## - Materia general
Temática (materia general) ADMINISTRACIÓN
650 ## - Materia general
Temática (materia general) QUE SE DEBE DE SABER PARA CREAR Y USAR LOS SISTEMAS DE INFORMACIÓN
650 ## - Materia general
Temática (materia general) INFRAESTRUCTURA DE LA TECNOLOGÍA
650 ## - Materia general
Temática (materia general) INTERNET Y LAS ORGANIZACIONES
650 ## - Materia general
Temática (materia general) INFRAESTRUCTURA DE TI
650 ## - Materia general
Temática (materia general) COMPUTACIÓN EN LA NUBE
650 ## - Materia general
Temática (materia general) SISTEMAS DE ADMINISTRACIÓN DE BASES DE DATOS
650 ## - Materia general
Temática (materia general) PLATAFORMAS ANALÍTICAS
650 ## - Materia general
Temática (materia general) TELECOMUNICACIONES
650 ## - Materia general
Temática (materia general) TECNOLOGÍA INALÁMBRICA
650 ## - Materia general
Temática (materia general) ADMINISTRACIÓN DEL CONOCIMIENTO
650 ## - Materia general
Temática (materia general) ADMINISTRACIÓN DE PROYECTOS
650 ## - Materia general
Temática (materia general) BASES DE DATOS
650 ## - Materia general
Temática (materia general) REDES
650 ## - Materia general
Temática (materia general) SERVICIOS DE INTERNET
650 ## - Materia general
Temática (materia general) VULNERABILIDAD DE SEGURIDAD EN LOS SISTEMAS DE INFORMACIÓN
650 ## - Materia general
Temática (materia general) CRÍMENES POR COMPUTADORA
650 ## - Materia general
Temática (materia general) CONTROLES DE LOS SISTEMAS DE INFORMACIÓN
650 ## - Materia general
Temática (materia general) AUDITORÍAS
942 ## - Punto de acceso adicional KOHA
Tipo de ítem KOHA Libro
Fuente del sistema de clasificación o colocación Dewey Decimal Classification
Existencias
Signatura completa Código de barras Programa Académico Tipo de ítem
658.403.8 L372s14 21703 Dirección y Administración de Empresas Libro